| 000 | 00928nam2a22002291 4500 | ||
|---|---|---|---|
| 001 | v19\rc\2064952 | ||
| 005 | 20250620025456.0 | ||
| 035 | _a(NLR Aleph) 005140985 | ||
| 090 |
_a4802833 _c4802833 |
||
| 100 | _a20081111d1910 |||y0rusy50 ca | ||
| 101 | 0 | _arus | |
| 102 | _aRU | ||
| 105 | _aa z ||||| | ||
| 200 | 0 | _aза 1909 год | |
| 210 |
_d1910 _aБ. м. |
||
| 215 | _a83 с., 1 л. ил. | ||
| 461 | 0 |
_1001v19\rc\2064951 _12001#$aОтчет Петроградского общества борьбы с бугорчаткой...$vза 1909 год _94802825 _aПетербургское общество борьбы с бугорчаткой _cПетроград _d1910-1915 _p23 с. _tОтчет Петроградского общества борьбы с бугорчаткой... _vза 1909 год |
|
| 801 | 0 |
_aRU _bNLR _gpsbo |
|
| 801 | 1 |
_aRU _bProSoft-M _2rusmarc |
|
| 852 |
_aNLR _j18.304.8.18 |
||
| 942 | _cBOOK | ||
| 980 | _aNB | ||